Statistics for Monaco scorers in Ligue 1 2016-2017

Click here to take the quiz!

General Stats

  • This quiz has been taken 101 times
  • The average score is 11 of 16

Answer Stats

PlayerGoals% Correct
Kylian Mbappe15
100%
Radamel Falcao21
100%
Fabinho9
89%
Bernardo Silva8
88%
Kamil Glik6
85%
Tiemoué Bakayoko2
80%
Thomas Lemar9
79%
Valère Germain10
79%
Djibril Sidibé2
76%
Joao Moutinho2
71%
Jemerson2
67%
Nabil Dirar1
52%
Guido Carrillo7
41%
Boschilia6
34%
Adama Traoré2
32%
Jorge1
29%

Score Distribution

Percentile by Number Answered

Percent of People with Each Score

Your Score History

You have not taken this quiz